[Event "Trencianske Teplice"]
[Site "Trencianske Teplice"]
[Date "1985.??.??"]
[Round "15"]
[White "Smejkal, Jan"]
[Black "Ftacnik, Lubomir"]
[Result "1/2-1/2"]
[WhiteElo "2565"]
[BlackElo "2500"]
[PlyCount "32"]
[EventDate "1985.11.??"]
[Source "ChessBase"]

1. d4 Nf6 2. c4 e6 3. Nc3 d5 4. Bg5 Be7 5. Nf3 O-O 6. e3 Nbd7 7. Rc1 c6 8. Bd3 dxc4 9. Bxc4 Nd5 10. Bxe7 Qxe7 11. O-O Nxc3 12. Rxc3 e5 13. Qc2 exd4 14. exd4 Nb6 15. Re1 Qf6 16. Bb3 Bf5 1/2-1/2

[Event "Moscow-A"]
[Site "Moscow"]
[Date "1989.??.??"]
[Round "?"]
[White "Chekhov, Valery A"]
[Black "Campora, Daniel Hugo"]
[Result "1-0"]
[WhiteElo "2480"]
[BlackElo "2500"]
[PlyCount "53"]
[EventDate "1989.05.??"]
[Source "ChessBase"]

1. d4 Nf6 2. c4 e6 3. Nc3 d5 4. Bg5 Nbd7 5. e3 Be7 6. Nf3 O-O 7. Rc1 c6 8. Bd3 dxc4 9. Bxc4 Nd5 10. Bxe7 Qxe7 11. O-O Nxc3 12. Rxc3 e5 13. Qc2 exd4 14. exd4 Nb6 15. Re1 Qf6 16. Bb3 Bf5 17. Qd2 Rad8 18. Ne5 Qd6 19. Nxf7 Rxf7 20. Bxf7+ Kxf7 21. Rf3 Kg6 22. h4 Qf6 23. Re5 Nc4 24. Qf4 Nd6 25. Rxf5 Qxf5 26. Qg3+ Kf7 27. Rxf5+ 1-0

[Event "Albena"]
[Site "Albena"]
[Date "1983.??.??"]
[Round "?"]
[White "Farago, Ivan"]
[Black "Velikov, Petar"]
[Result "1-0"]
[WhiteElo "2495"]
[BlackElo "2460"]
[PlyCount "49"]
[EventDate "1983.??.??"]
[Source "ChessBase"]

1. d4 d5 2. c4 c6 3. Nc3 Nf6 4. Nf3 e6 5. Bg5 Be7 6. e3 Nbd7 7. Rc1 O-O 8. Bd3 dxc4 9. Bxc4 Nd5 10. Bxe7 Qxe7 11. O-O Nxc3 12. Rxc3 e5 13. Qc2 exd4 14. exd4 Qd6 15. Ng5 Nf6 16. Rf3 g6 17. Qb3 Nd5 18. Ne4 Qd8 19. Bxd5 cxd5 20. Nf6+ Kg7 21. Qe3 h5 22. Qe5 Kh6 23. Nxh5 Bg4 24. Qg7+ Kg5 25. Rg3 1-0

[Event "Wuppertal"]
[Site "Wuppertal"]
[Date "1986.??.??"]
[Round "?"]
[White "Farago, Ivan"]
[Black "Westerinen, Heikki MJ"]
[Result "0-1"]
[WhiteElo "2520"]
[BlackElo "2410"]
[PlyCount "94"]
[EventDate "1986.10.??"]
[Source "ChessBase"]

1. d4 d5 2. c4 e6 3. Nc3 Nf6 4. Nf3 Be7 5. Bg5 O-O 6. e3 Nbd7 7. Rc1 c6 8. Bd3 dxc4 9. Bxc4 Nd5 10. Bxe7 Qxe7 11. O-O Nxc3 12. Rxc3 e5 13. Qc2 exd4 14. exd4 Nb6 15. Re1 Qd8 16. Bb3 Nd5 17. Bxd5 Qxd5 18. Rc5 Qd8 19. Ng5 g6 20. Qc3 Bf5 21. Rxf5 gxf5 22. Qg3 Qxd4 23. Ne6+ Qg4 24. Nxf8 Qxg3 25. fxg3 Kxf8 26. Rd1 Ke7 27. Re1+ Kf6 28. Rd1 Re8 29. Kf2 c5 30. Rd6+ Re6 31. Rd7 Re7 32. Rd6+ Ke5 33. Rh6 f6 34. Rh5 Ke4 35. g4 fxg4 36. Rxc5 f5 37. Kg3 Rd7 38. Rc4+ Ke5 39. Rc5+ Kf6 40. Rb5 b6 41. h3 Rd3+ 42. Kf4 Rd4+ 43. Kg3 h5 44. hxg4 hxg4 45. a3 Rd2 46. b3 Kg5 47. a4 a6 0-1

[Event "Vrnjacka Banja"]
[Site "Vrnjacka Banja YUG"]
[Date "1985.??.??"]
[Round "10"]
[White "Velikov, Petar V"]
[Black "Simic, Radoslav"]
[Result "1/2-1/2"]
[WhiteElo "2450"]
[BlackElo "2480"]
[PlyCount "46"]
[EventDate "1985.??.??"]
[Source "www.chesslib.no"]
[SourceDate "2004.05.04"]

1. c4 Nf6 2. Nf3 e6 3. Nc3 d5 4. d4 Be7 5. Bg5 Nbd7 6. e3 O-O 7. Rc1 c6 8. Bd3 dxc4 9. Bxc4 Nd5 10. Bxe7 Qxe7 11. O-O Nxc3 12. Rxc3 e5 13. Qc2 exd4 14. exd4 Qd6 15. Re1 Nf6 16. Qb3 a5 17. Rce3 Nd5 18. Bxd5 cxd5 19. Ne5 Be6 20. Rc1 Rac8 21. Rec3 f6 22. Nf3 b6 23. h3 Rc4 1/2-1/2

[Event "Paris APSAP"]
[Site "Paris FRA"]
[Date "1994.??.??"]
[Round "7"]
[White "Kalantarian, Norik"]
[Black "Prie, Eric"]
[Result "1-0"]
[WhiteElo "2455"]
[BlackElo "2475"]
[PlyCount "51"]
[EventDate "1994.12.??"]
[Source "www.chesslib.no"]
[SourceDate "2004.05.04"]

1. d4 d5 2. c4 c6 3. Nf3 Nf6 4. Nc3 e6 5. Bg5 Nbd7 6. e3 Be7 7. Rc1 O-O 8. Bd3 dxc4 9. Bxc4 Nd5 10. Bxe7 Qxe7 11. O-O Nxc3 12. Rxc3 e5 13. Qc2 exd4 14. exd4 Nb6 15. Bb3 Be6 16. Re1 Bxb3 17. Rxb3 Qc7 18. Ne5 Rfe8 19. Rh3 g6 20. Re4 f6 21. Nxg6 Rxe4 22. Qxe4 hxg6 23. Qxg6+ Qg7 24. Qh5 Kf8 25. Rg3 Qf7 26. Qh6+ 1-0

[Event "Prague zt"]
[Site "Prague"]
[Date "1985.??.??"]
[Round "3"]
[White "Farago, Ivan"]
[Black "Prandstetter, Eduard"]
[Result "1/2-1/2"]
[WhiteElo "2495"]
[BlackElo "2430"]
[PlyCount "73"]
[EventDate "1985.02.??"]
[Source "ChessBase"]

1. d4 d5 2. c4 e6 3. Nf3 Nf6 4. Bg5 Be7 5. Nc3 O-O 6. e3 Nbd7 7. Rc1 c6 8. Bd3 dxc4 9. Bxc4 Nd5 10. Bxe7 Qxe7 11. O-O Nxc3 12. Rxc3 e5 13. Qc2 exd4 14. exd4 Nb6 15. Re3 Qd8 16. Bb3 Nd5 17. Re5 f6 18. Bxd5+ cxd5 19. Re3 Bg4 20. Rfe1 Bxf3 21. gxf3 Rc8 22. Qa4 a6 23. Re7 Rc7 24. Re8 Qd7 25. Qxd7 Rxd7 26. R1e7 Rxe7 27. Rxe7 Rf7 28. Re8+ Rf8 29. Re6 Kf7 30. Rb6 Rb8 31. h4 Ke7 32. h5 Kd7 33. a4 Kc7 34. Re6 Kd7 35. Rb6 Kc7 36. Re6 Kd7 37. Rb6 1/2-1/2

[Event "Gausdal zt"]
[Site "Gausdal"]
[Date "1985.??.??"]
[Round "?"]
[White "Agdestein, Simen"]
[Black "Westerinen, Heikki MJ"]
[Result "1-0"]
[WhiteElo "2500"]
[BlackElo "2420"]
[PlyCount "81"]
[EventDate "1985.01.??"]
[Source "ChessBase"]

1. d4 d5 2. c4 e6 3. Nf3 Nf6 4. Nc3 Be7 5. Bg5 O-O 6. e3 Nbd7 7. Bd3 c6 8. O-O dxc4 9. Bxc4 Nd5 10. Bxe7 Qxe7 11. Rc1 Nxc3 12. Rxc3 e5 13. Qc2 e4 14. Nd2 Nf6 15. Bb3 Bg4 16. Re1 Bh5 17. Nf1 Bg6 18. Ng3 Rad8 19. a3 Rd6 20. Ba2 Kh8 21. Rc1 Nd7 22. Qa4 Ra8 23. Qb4 Nb6 24. Rc5 Qd7 25. h3 h6 26. Bb3 Rd8 27. Ra5 Nc8 28. Re5 f6 29. Rxe4 Bxe4 30. Nxe4 c5 31. Nxc5 Qe8 32. Qxb7 Rb6 33. Qf3 Nd6 34. Ba4 Qf7 35. b4 Qa2 36. e4 Nf7 37. Qc3 Ng5 38. h4 Nh7 39. d5 Nf8 40. Bd1 a5 41. Ra1 1-0

[Event "Ptuj"]
[Site "Ptuj"]
[Date "2000.02.19"]
[Round "9"]
[White "Abramovic, Bosko"]
[Black "Zheliandinov, Viktor"]
[Result "1-0"]
[WhiteElo "2501"]
[BlackElo "2411"]
[PlyCount "67"]
[EventDate "2000.02.10"]
[Source "ChessBase"]
[SourceDate "2000.03.10"]

1. d4 d5 2. c4 e6 3. Nf3 Nf6 4. Nc3 Be7 5. Bg5 Nbd7 6. e3 O-O 7. Bd3 c6 8. O-O dxc4 9. Bxc4 Nd5 10. Bxe7 Qxe7 11. Rc1 Nxc3 12. Rxc3 e5 13. Qc2 e4 14. Nd2 Nf6 15. f3 exf3 16. Rxf3 Bg4 17. Rg3 Bh5 18. Bd3 Bg6 19. Rc5 Nd5 20. Bxg6 hxg6 21. e4 Nf4 22. Nf3 Rfe8 23. e5 Qe6 24. Ng5 Qf5 25. Ne4 Ne6 26. Nf6+ Kf8 27. Nxe8 Nxc5 28. Qxc5+ Kxe8 29. Rh3 Qb1+ 30. Kf2 Qf5+ 31. Ke3 Qg5+ 32. Kd3 Rd8 33. Rh8+ Kd7 34. e6+ 1-0

[Event "Paris APSAP"]
[Site "Paris FRA"]
[Date "1994.??.??"]
[Round "9"]
[White "Vareille, Francois"]
[Black "Prie, Eric"]
[Result "1/2-1/2"]
[WhiteElo "2430"]
[BlackElo "2475"]
[PlyCount "40"]
[EventDate "1994.12.??"]
[Source "www.chesslib.no"]
[SourceDate "2004.05.04"]

1. d4 d5 2. c4 c6 3. Nf3 Nf6 4. Nc3 e6 5. Bg5 Nbd7 6. e3 Be7 7. Rc1 O-O 8. Bd3 dxc4 9. Bxc4 Nd5 10. Bxe7 Qxe7 11. O-O Nxc3 12. Rxc3 e5 13. Qc2 exd4 14. exd4 Nb6 15. Bb3 Be6 16. Re1 Bxb3 17. Rxb3 Qc7 18. Ne5 Rfe8 19. Rh3 h6 20. Re4 Nd7 1/2-1/2

[Event "San Martin"]
[Site "San Martin"]
[Date "1994.??.??"]
[Round "6"]
[White "Sanchez Almeyra, Jorge"]
[Black "Sorin, Ariel"]
[Result "1/2-1/2"]
[WhiteElo "2435"]
[BlackElo "2470"]
[PlyCount "40"]
[EventDate "1994.04.??"]
[Source "ChessBase"]

1. d4 d5 2. c4 e6 3. Nc3 Be7 4. Nf3 Nf6 5. Bg5 O-O 6. e3 Nbd7 7. Rc1 c6 8. Bd3 dxc4 9. Bxc4 Nd5 10. Bxe7 Qxe7 11. O-O Nxc3 12. Rxc3 e5 13. Qc2 exd4 14. exd4 Nb6 15. Re1 Qf6 16. Bb3 Bf5 17. Qd2 Rae8 18. Rce3 Rxe3 19. Qxe3 Nc8 20. Qf4 Nd6 1/2-1/2

[Event "Haifa ol (Men)"]
[Site "Haifa ISR"]
[Date "1976.??.??"]
[Round "10"]
[White "Pachman, Ludek"]
[Black "Harandi, Khosro"]
[Result "1-0"]
[WhiteElo "2520"]
[BlackElo "2380"]
[PlyCount "89"]
[EventDate "1976.11.??"]
[Source "www.chesslib.no"]
[SourceDate "2004.05.04"]

1. d4 Nf6 2. c4 e6 3. Nc3 d5 4. Bg5 Be7 5. e3 O-O 6. Nf3 Nbd7 7. Rc1 c6 8. Bd3 dxc4 9. Bxc4 Nd5 10. Bxe7 Qxe7 11. O-O Nxc3 12. Rxc3 e5 13. Qc2 e4 14. Nd2 Nf6 15. Rc1 Re8 16. Bb3 Bf5 17. f4 g6 18. h3 h5 19. Rc5 Nd7 20. Ra5 b6 21. Rxf5 gxf5 22. Qxc6 Nf6 23. Qb5 Qd7 24. Qxd7 Nxd7 25. Rc7 Red8 26. Nc4 Rac8 27. Rxa7 Ra8 28. Rb7 Rab8 29. Ra7 Ra8 30. Rxd7 Rxd7 31. Nxb6 Rdd8 32. Nxa8 Rxa8 33. Bc4 Ra7 34. Kf2 Ra4 35. Bb3 Ra6 36. g4 fxg4 37. hxg4 hxg4 38. Kg3 Rg6 39. Bd5 Rd6 40. Bc4 Rg6 41. a4 Kf8 42. a5 Ke7 43. a6 Rg8 44. Bd5 Kd6 45. Bxe4 1-0

[Event "Trencianske Teplice"]
[Site "Trencianske Teplice"]
[Date "1985.??.??"]
[Round "15"]
[White "Lechtynsky, Jiri"]
[Black "Prandstetter, Eduard"]
[Result "1/2-1/2"]
[WhiteElo "2450"]
[BlackElo "2450"]
[PlyCount "76"]
[EventDate "1985.11.??"]
[Source "ChessBase"]

1. Nf3 e6 2. c4 Nf6 3. d4 d5 4. Nc3 Be7 5. Bg5 O-O 6. e3 Nbd7 7. Rc1 c6 8. Bd3 dxc4 9. Bxc4 Nd5 10. Bxe7 Qxe7 11. O-O Nxc3 12. Rxc3 e5 13. Qc2 exd4 14. exd4 Nb6 15. Re3 Qd8 16. Bb3 Nd5 17. Re5 f6 18. Bxd5+ cxd5 19. Re3 Bg4 20. Qb3 Bxf3 21. Rxf3 Qd7 22. Rc3 Rac8 23. Rfc1 Rxc3 24. Qxc3 Re8 25. h3 b6 26. Qg3 Rc8 27. Rxc8+ Qxc8 28. Qd6 Qc4 29. Qb8+ Kf7 30. Qxa7+ Kg6 31. Qb8 Qc1+ 32. Kh2 Qxb2 33. Qe8+ Kh6 34. Qe3+ Kg6 35. Qg3+ Kf7 36. Qc7+ Kg6 37. Qg3+ Kf7 38. Qc7+ Kg6 1/2-1/2

[Event "Albena"]
[Site "Albena"]
[Date "1984.??.??"]
[Round "?"]
[White "Farago, Ivan"]
[Black "Pils, Walter"]
[Result "1/2-1/2"]
[WhiteElo "2525"]
[BlackElo "2370"]
[PlyCount "76"]
[EventDate "1984.??.??"]
[Source "www.chesslib.no"]
[SourceDate "2004.05.04"]

1. d4 Nf6 2. c4 e6 3. Nc3 d5 4. Nf3 Be7 5. Bg5 Nbd7 6. e3 c6 7. Rc1 O-O 8. Bd3 dxc4 9. Bxc4 Nd5 10. Bxe7 Qxe7 11. O-O Nxc3 12. Rxc3 e5 13. Qc2 e4 14. Nd2 Nb6 15. Qxe4 Qxe4 16. Nxe4 Nxc4 17. Rxc4 Bf5 18. f3 Rae8 19. Ra4 Bxe4 20. fxe4 a6 21. e5 f6 22. exf6 Rxe3 23. fxg7 Kxg7 24. Rb4 b5 25. Rb3 Rfe8 26. Rxe3 Rxe3 27. h3 Rd3 28. Rc1 Rxd4 29. Rc2 c5 30. Rxc5 Rd2 31. Rc7+ Kg8 32. Ra7 Rxb2 33. Rxa6 Kg7 34. Kh2 b4 35. Kg3 b3 36. axb3 Rxb3+ 37. Kh4 Rb7 38. g4 h6 1/2-1/2

[Event "Biel-JMT"]
[Site "Biel"]
[Date "1986.??.??"]
[Round "?"]
[White "Haik, Aldo"]
[Black "Toth, Bela"]
[Result "1-0"]
[WhiteElo "2455"]
[BlackElo "2435"]
[PlyCount "81"]
[EventDate "1986.07.??"]
[Source "ChessBase"]

1. d4 Nf6 2. c4 e6 3. Nf3 d5 4. Nc3 Be7 5. Bg5 O-O 6. e3 Nbd7 7. Rc1 c6 8. Bd3 dxc4 9. Bxc4 Nd5 10. Bxe7 Qxe7 11. O-O Nxc3 12. Rxc3 e5 13. Qc2 exd4 14. exd4 Nb6 15. Bb3 Be6 16. Re1 Bxb3 17. Rxb3 Qd6 18. Qc5 Rad8 19. Qa5 Qb8 20. Re7 Rde8 21. Rxe8 Rxe8 22. Re3 Rf8 23. Re4 f6 24. h3 Nd5 25. g3 a6 26. Kg2 Re8 27. Qe1 Kf7 28. Nd2 Rxe4 29. Qxe4 Qe8 30. Qxh7 Qe2 31. Ne4 Qxb2 32. Nd6+ Ke6 33. Nf5 g5 34. Nh6 Kd6 35. Nf7+ Kc7 36. Ne5+ Kb8 37. Qg8+ Kc7 38. Qf7+ Kc8 39. Qd7+ Kb8 40. Qd8+ Ka7 41. Nd7 1-0

[Event "Liechtenstein Open"]
[Site "Liechtenstein"]
[Date "1988.??.??"]
[Round "?"]
[White "Kallai, Gabor"]
[Black "Ekstroem, Roland"]
[Result "1-0"]
[WhiteElo "2450"]
[BlackElo "2430"]
[PlyCount "83"]
[EventDate "1988.05.??"]
[Source "www.chesslib.no"]
[SourceDate "2004.05.04"]

1. d4 d5 2. c4 e6 3. Nf3 Nf6 4. Nc3 Be7 5. Bg5 O-O 6. e3 Nbd7 7. Rc1 c6 8. Bd3 dxc4 9. Bxc4 Nd5 10. Bxe7 Qxe7 11. O-O Nxc3 12. Rxc3 e5 13. Qc2 exd4 14. exd4 Nb6 15. Re3 Qf6 16. Bb3 Bf5 17. Qc5 Rad8 18. Rfe1 g6 19. Re7 Bc8 20. Qa5 Nd5 21. Bxd5 Rxd5 22. Qxa7 Bg4 23. R7e3 Bxf3 24. Rxf3 Qxd4 25. Qxb7 Rb5 26. Qxc6 Rxb2 27. a3 Re2 28. Qc1 Ra2 29. h3 Rd8 30. Qc6 Rd7 31. Re4 Qa1+ 32. Kh2 Rad2 33. Re8+ Kg7 34. Qc5 R2d6 35. Rc3 Qd1 36. Qe5+ Kh6 37. Re7 Rxe7 38. Qxe7 Qd5 39. Qf8+ Kh5 40. f4 f5 41. Rg3 h6 42. Rg5+ 1-0

[Event "RUS-Cup07"]
[Site "Togliatty"]
[Date "2001.08.13"]
[Round "6"]
[White "Zakharevich, Igor"]
[Black "Zamruk, Aleksandar"]
[Result "1-0"]
[WhiteElo "2477"]
[BlackElo "2389"]
[PlyCount "137"]
[EventDate "2001.08.08"]
[Source "ChessBase"]
[SourceDate "2001.09.11"]

1. d4 d5 2. Nf3 Nf6 3. c4 e6 4. Bg5 Be7 5. Nc3 Nbd7 6. e3 O-O 7. Rc1 c6 8. Bd3 dxc4 9. Bxc4 Nd5 10. Bxe7 Qxe7 11. O-O Nxc3 12. Rxc3 e5 13. Qc2 exd4 14. exd4 Nb6 15. Re1 Qf6 16. Bb3 Bf5 17. Qd2 Rad8 18. Ne5 Be6 19. Rf3 Qh4 20. Rf4 Qh5 21. Bxe6 fxe6 22. Rxf8+ Rxf8 23. g3 Qf5 24. b3 h6 25. Nd3 Nd7 26. Qe3 Rf6 27. Nf4 Nf8 28. Kg2 Qa5 29. Re2 Qd8 30. f3 Qd6 31. Qe4 Rf7 32. Nd3 Rc7 33. h4 Rd7 34. Nc5 Re7 35. Qe5 Qd8 36. Qf4 Rf7 37. Qg4 h5 38. Qxh5 Qxd4 39. Ne4 Rf5 40. Qe8 Qd3 41. Rf2 Rd5 42. Ng5 Qf5 43. Qb8 Rd7 44. Qxa7 g6 45. Qe3 e5 46. Qc5 Ne6 47. Nxe6 Qxe6 48. Qe3 Qf5 49. Re2 Rd5 50. Qe4 Kf7 51. Qxf5+ gxf5 52. Kf2 Kf6 53. Ke3 Rd1 54. Rd2 f4+ 55. gxf4 exf4+ 56. Kd3 Rh1 57. Ke4 Ke6 58. Kxf4 Rxh4+ 59. Kg5 Rh8 60. Rb2 Kd6 61. f4 Rg8+ 62. Kh6 Rf8 63. Rf2 Ke6 64. Kg7 Rf7+ 65. Kg6 Rf6+ 66. Kg5 Rf5+ 67. Kg4 Ra5 68. Rh2 Kf6 69. Kf3 1-0

[Event "Bohemians"]
[Site "Prague"]
[Date "1988.??.??"]
[Round "?"]
[White "Plachetka, Jan"]
[Black "Pekarek, Ales"]
[Result "1/2-1/2"]
[WhiteElo "2415"]
[BlackElo "2440"]
[PlyCount "29"]
[EventDate "1988.01.??"]
[Source "ChessBase"]

1. d4 d5 2. c4 e6 3. Nc3 Be7 4. Nf3 Nf6 5. Bg5 O-O 6. e3 Nbd7 7. Rc1 c6 8. Bd3 dxc4 9. Bxc4 Nd5 10. Bxe7 Qxe7 11. O-O Nxc3 12. Rxc3 e5 13. Qc2 e4 14. Nd2 Nf6 15. Rb1 1/2-1/2

[Event "Solingen"]
[Site "Solingen GER"]
[Date "1986.??.??"]
[Round "?"]
[White "Ostermeyer, Peter"]
[Black "Westerinen, Heikki M J"]
[Result "1/2-1/2"]
[WhiteElo "2455"]
[BlackElo "2390"]
[PlyCount "73"]
[EventDate "1986.09.??"]
[Source "www.chesslib.no"]
[SourceDate "2004.05.04"]

1. d4 d5 2. c4 e6 3. Nc3 Nf6 4. Bg5 Be7 5. e3 O-O 6. Bd3 Nbd7 7. Nf3 c6 8. O-O dxc4 9. Bxc4 Nd5 10. Bxe7 Qxe7 11. Rc1 Nxc3 12. Rxc3 e5 13. Qc2 exd4 14. exd4 Nb6 15. Bb3 Be6 16. Re1 Bxb3 17. Rxb3 Qd8 18. h4 f6 19. h5 Re8 20. Rxe8+ Qxe8 21. h6 Qg6 22. Qc1 Qxh6 23. Qxh6 gxh6 24. Nh4 Rd8 25. Nf5 h5 26. a4 Rd7 27. a5 Nc4 28. a6 bxa6 29. Rc3 Nxb2 30. Rxc6 Kf7 31. Rxa6 Nc4 32. Rc6 Nb6 33. Kh2 Rd5 34. Rc7+ Rd7 35. Rc6 Rd5 36. Rc7+ Rd7 37. Rc6 1/2-1/2

[Event "Tatran Cup"]
[Site "Stary Smokovec SVK"]
[Date "1984.??.??"]
[Round "8"]
[White "Lechtynsky, Jiri"]
[Black "Franzen, Jozef"]
[Result "1/2-1/2"]
[WhiteElo "2470"]
[BlackElo "2370"]
[PlyCount "40"]
[EventDate "1984.11.??"]
[Source "www.chesslib.no"]
[SourceDate "2004.05.04"]

1. Nf3 Nf6 2. c4 e6 3. Nc3 d5 4. d4 Be7 5. Bg5 O-O 6. e3 Nbd7 7. Rc1 c6 8. Bd3 dxc4 9. Bxc4 Nd5 10. Bxe7 Qxe7 11. O-O Nxc3 12. Rxc3 e5 13. Qc2 exd4 14. exd4 Nb6 15. Re1 Qd8 16. Bb3 Nd5 17. Bxd5 Qxd5 18. Re5 Qd6 19. Rce3 h6 20. d5 cxd5 1/2-1/2

[Event "Tatran Cup"]
[Site "Stary Smokovec SVK"]
[Date "1984.??.??"]
[Round "12"]
[White "Plachetka, Jan"]
[Black "Franzen, Jozef"]
[Result "1/2-1/2"]
[WhiteElo "2440"]
[BlackElo "2370"]
[PlyCount "76"]
[EventDate "1984.11.??"]
[Source "www.chesslib.no"]
[SourceDate "2004.05.04"]

1. d4 Nf6 2. c4 e6 3. Nc3 d5 4. Bg5 Be7 5. e3 O-O 6. Nf3 Nbd7 7. Rc1 c6 8. Bd3 dxc4 9. Bxc4 Nd5 10. Bxe7 Qxe7 11. O-O Nxc3 12. Rxc3 e5 13. Qc2 exd4 14. exd4 Nb6 15. Re3 Qd8 16. Bb3 Nd5 17. Re5 f6 18. Bxd5+ cxd5 19. Re3 Bg4 20. Qb3 Qd7 21. Nd2 Rfe8 22. Ne4 b6 23. Rfe1 Bh5 24. Nc3 Bf7 25. h3 Rxe3 26. Rxe3 Rc8 27. Qd1 Rc4 28. b3 Rc7 29. Qg4 Qd6 30. Qg3 Qd7 31. Kh2 Rc8 32. Qg4 Qxg4 33. hxg4 Kf8 34. Kg3 g5 35. a3 Re8 36. Rxe8+ Kxe8 37. Nb5 Be6 38. f4 Ke7 1/2-1/2

[Event "Bohemians"]
[Site "Prague CZE"]
[Date "1987.??.??"]
[Round "?"]
[White "Danner, Georg"]
[Black "Robatsch, Karl"]
[Result "1/2-1/2"]
[WhiteElo "2405"]
[BlackElo "2400"]
[PlyCount "29"]
[EventDate "1987.01.??"]
[Source "www.chesslib.no"]
[SourceDate "2004.05.04"]

1. d4 d5 2. Nf3 Nf6 3. c4 e6 4. Nc3 Be7 5. Bg5 Nbd7 6. e3 O-O 7. Rc1 c6 8. Bd3 dxc4 9. Bxc4 Nd5 10. Bxe7 Qxe7 11. O-O Nxc3 12. Rxc3 e5 13. Qc2 exd4 14. exd4 Nb6 15. Re3 1/2-1/2

[Event "Bohemians"]
[Site "Prague CZE"]
[Date "1981.??.??"]
[Round "?"]
[White "Gruenberg, Hans-Ulrich"]
[Black "Modr, Bretislav"]
[Result "1/2-1/2"]
[WhiteElo "2435"]
[BlackElo "2355"]
[PlyCount "47"]
[EventDate "1981.01.??"]
[Source "www.chesslib.no"]
[SourceDate "2004.05.04"]

1. d4 Nf6 2. c4 e6 3. Nc3 d5 4. Bg5 Be7 5. e3 O-O 6. Nf3 Nbd7 7. Rc1 c6 8. Bd3 dxc4 9. Bxc4 Nd5 10. Bxe7 Qxe7 11. O-O Nxc3 12. Rxc3 e5 13. Qc2 exd4 14. exd4 Nb6 15. Bb3 Qf6 16. Rc5 g6 17. Qe4 Kg7 18. Re1 Bf5 19. Qf4 Rad8 20. Rce5 Bc8 21. Qxf6+ Kxf6 22. Ng5 Kg7 23. Re7 Nd5 24. R7e5 1/2-1/2

[Event "Sevilla op"]
[Site "Sevilla"]
[Date "2000.??.??"]
[Round "6"]
[White "Comas Fabrego, Luis"]
[Black "Jimenez Morales, Francisco"]
[Result "1/2-1/2"]
[WhiteElo "2529"]
[BlackElo "2259"]
[PlyCount "34"]
[EventDate "2000.??.??"]
[Source "www.chesslib.no"]
[SourceDate "2004.05.04"]

1. d4 d5 2. c4 e6 3. Nc3 Nf6 4. Bg5 Be7 5. e3 O-O 6. Nf3 Nbd7 7. Rc1 c6 8. Bd3 dxc4 9. Bxc4 Nd5 10. Bxe7 Qxe7 11. O-O Nxc3 12. Rxc3 e5 13. Qc2 e4 14. Nd2 Nf6 15. a3 Bf5 16. Rc1 Rad8 17. Nf1 Be6 1/2-1/2

[Event "Castellar Open"]
[Site "Castellar"]
[Date "1996.??.??"]
[Round "?"]
[White "Campos Moreno, Javier B"]
[Black "Perdomo, Carlos Andres"]
[Result "1-0"]
[WhiteElo "2475"]
[BlackElo "2305"]
[PlyCount "65"]
[EventDate "1996.??.??"]
[Source "www.chesslib.no"]
[SourceDate "2004.05.04"]

1. d4 Nf6 2. c4 e6 3. Nc3 d5 4. Bg5 Nbd7 5. e3 Be7 6. Nf3 O-O 7. Rc1 c6 8. Bd3 dxc4 9. Bxc4 Nd5 10. Bxe7 Qxe7 11. O-O Nxc3 12. Rxc3 e5 13. Qc2 e4 14. Nd2 Nf6 15. Bb3 Kh8 16. Rc1 Be6 17. Bxe6 Qxe6 18. Rb3 Rab8 19. Qc5 b6 20. Qe5 Qg4 21. Rxc6 Rbc8 22. Rbc3 Rxc6 23. Rxc6 Qe2 24. Nf1 Qxb2 25. a4 Qa2 26. h3 Re8 27. Qb5 Rd8 28. Ng3 h6 29. Rxf6 gxf6 30. Qh5 Rd5 31. Qxf7 Qb1+ 32. Kh2 Rg5 33. Qxf6+ 1-0

[Event "SWE-ch"]
[Site "Motala"]
[Date "1976.??.??"]
[Round "?"]
[White "Niklasson, Christer"]
[Black "Ekstroem, Roland"]
[Result "1/2-1/2"]
[WhiteElo "2380"]
[BlackElo "2400"]
[PlyCount "31"]
[EventDate "1976.07.04"]
[Source "ChessBase"]

1. d4 Nf6 2. c4 e6 3. Nf3 Be7 4. Nc3 d5 5. Bg5 Nbd7 6. e3 c6 7. Rc1 O-O 8. Bd3 dxc4 9. Bxc4 Nd5 10. Bxe7 Qxe7 11. O-O Nxc3 12. Rxc3 e5 13. Qc2 e4 14. Nd2 Nf6 15. a3 Bg4 16. b4 1/2-1/2

[Event "Zaragoza op-A"]
[Site "Zaragoza"]
[Date "1995.??.??"]
[Round "1"]
[White "Estremera Panos, Sergio"]
[Black "Campos Moreno, Javier B"]
[Result "1/2-1/2"]
[WhiteElo "2320"]
[BlackElo "2455"]
[PlyCount "31"]
[EventDate "1995.06.??"]
[Source "www.chesslib.no"]
[SourceDate "2004.05.04"]

1. d4 d5 2. c4 e6 3. Nc3 Nf6 4. Bg5 Be7 5. e3 O-O 6. Nf3 Nbd7 7. Rc1 c6 8. Bd3 dxc4 9. Bxc4 Nd5 10. Bxe7 Qxe7 11. O-O Nxc3 12. Rxc3 e5 13. Qc2 e4 14. Nd2 Nf6 15. Rb3 Bf5 16. f3 1/2-1/2

[Event "UKR Ch"]
[Site "Lvov UKR"]
[Date "1988.??.??"]
[Round "6"]
[White "Savchenko, Stanislav"]
[Black "Moroz, Alexander"]
[Result "1/2-1/2"]
[WhiteElo "2480"]
[BlackElo "2285"]
[PlyCount "48"]
[EventDate "1988.??.??"]
[Source "www.chesslib.no"]
[SourceDate "2004.05.04"]

1. d4 Nf6 2. Nf3 d5 3. c4 e6 4. Bg5 Be7 5. Nc3 O-O 6. e3 Nbd7 7. Rc1 c6 8. Bd3 dxc4 9. Bxc4 Nd5 10. Bxe7 Qxe7 11. O-O Nxc3 12. Rxc3 e5 13. Qc2 exd4 14. exd4 Nb6 15. Re1 Qd8 16. Bb3 Nd5 17. Bxd5 Qxd5 18. Re5 Qd6 19. Ng5 Qg6 20. Qxg6 hxg6 21. Re7 f6 22. Nf3 Rf7 23. Re8+ Rf8 24. Re7 Rf7 1/2-1/2

[Event "Paz e Amizade"]
[Site "Paz e Amizade"]
[Date "1985.??.??"]
[Round "?"]
[White "Santos, Luis M"]
[Black "Fernandes, Antonio M"]
[Result "1/2-1/2"]
[WhiteElo "2345"]
[BlackElo "2410"]
[PlyCount "30"]
[EventDate "1985.??.??"]
[Source "www.chesslib.no"]
[SourceDate "2004.05.04"]

1. c4 Nf6 2. Nf3 e6 3. Nc3 d5 4. d4 Be7 5. Bg5 O-O 6. e3 Nbd7 7. Rc1 c6 8. Bd3 dxc4 9. Bxc4 Nd5 10. Bxe7 Qxe7 11. O-O Nxc3 12. Rxc3 e5 13. Qc2 e4 14. Nd2 Nf6 15. Rb1 a5 1/2-1/2

[Event "Warsaw Open"]
[Site "Warsaw POL"]
[Date "1989.??.??"]
[Round "?"]
[White "Jasnikowski, Zbigniew"]
[Black "Vasovski, Nikola"]
[Result "1-0"]
[WhiteElo "2430"]
[BlackElo "2320"]
[PlyCount "49"]
[EventDate "1989.04.??"]
[Source "www.chesslib.no"]
[SourceDate "2004.05.04"]

1. d4 d5 2. c4 e6 3. Nc3 Be7 4. Nf3 Nf6 5. Bg5 O-O 6. e3 Nbd7 7. Rc1 c6 8. Bd3 dxc4 9. Bxc4 Nd5 10. Bxe7 Qxe7 11. O-O Nxc3 12. Rxc3 e5 13. Qc2 e4 14. Nd2 Nf6 15. a3 Bf5 16. Ba2 Rfd8 17. f3 Bg6 18. fxe4 Re8 19. Qb3 Nxe4 20. Nxe4 Qxe4 21. Qxb7 Rab8 22. Bxf7+ Bxf7 23. Qxf7+ Kh8 24. b4 a5 25. bxa5 1-0

[Event "GEBA"]
[Site "Buenos Aires ARG"]
[Date "1991.??.??"]
[Round "2"]
[White "Markeluk, Sergio"]
[Black "Valiente, Cristobal"]
[Result "1/2-1/2"]
[WhiteElo "2375"]
[BlackElo "2370"]
[PlyCount "41"]
[EventDate "1991.??.??"]
[Source "www.chesslib.no"]
[SourceDate "2004.05.04"]

1. d4 e6 2. c4 Nf6 3. Nf3 d5 4. Nc3 Nbd7 5. Bg5 Be7 6. e3 O-O 7. Rc1 c6 8. Bd3 dxc4 9. Bxc4 Nd5 10. Bxe7 Qxe7 11. O-O Nxc3 12. Rxc3 e5 13. Qc2 e4 14. Nd2 Nf6 15. f3 exf3 16. Nxf3 g6 17. Ne5 Be6 18. Bxe6 Qxe6 19. e4 Rad8 20. Rcf3 Rxd4 21. Nxc6 1/2-1/2